| 000 | 01668cam a22002054a 4500 | ||
|---|---|---|---|
| 005 | 20250605164032.0 | ||
| 008 | 250528s ||||||||||||||||||||||||d | ||
| 035 | _a16676 | ||
| 020 | _a674789954 | ||
| 040 |
_aGR-AtMCL _bgre _dGR-AtMCL _eAACR2 |
||
| 245 | 1 | _aScale and Scope / The Dynamics of Industrial Capitalism | |
| 260 |
_bThe Belknap Press Of Harvard University Press, _c1990 |
||
| 300 | _a764 | ||
| 520 | _aA major monument to our increasingly successful quest to understand and interpret the modern industrial world. Introduction: Scale and Scope, The Modern Industrial Enterprise, Scale and Scope and Organizational Capabilities, The United States: Competitive Managerial Capitalism, The Foundations of Managerial Capitalism in American Industry, Creating Organizational Capabilities: Vertical Integration and Oligopolistic Competition, Expanding Organizational Capabilities: Investment Abroad and Product Diversification in Food and Chemicals, Expanding Organizational Capabilities: Investment Abroad and Product Diversification in Machinery, Great Britain: Personal Capitalism, The Continuing Commitment to Personal Capitalism in British Industry, Creating Organizational Capabilities: Success and Failure in the Stable Industries, Germany: Cooperative Managerial Capitalism, The Foundations of Managerial Capitalism in German Industry, Creating Organizational Capabilities: The Lesser and the Great Industries, War and Crises: Recovery in the Lesser Industries, Recovery in the Great Industries Conclusion, Index | ||
| 700 | 1 |
_aChandler Alfred D _92751 |
|
| 700 | 1 |
_aHikino Takashi _92766 |
|
| 942 | _cBK | ||
| 999 |
_c2151 _d2151 |
||